000 00700nam a2200217Ii 4500
003 JO-AjNU
008 230605s9999||||xx |||||||||||||| ||und||
017 _a2008/9/3276
020 _a978-9957-24-434-7
040 _aJO-AjNU
_bara
_erda
_cJO-AjNU
041 _aara
050 1 4 _aQA276 .12 .T82 2009
100 3 _aطعمة، حسن ياسين/ م. مشارك ايمان حنوش ,
_eauthor
_930946
245 0 0 _a طرق الاحصاء الوصفي 
264 3 1 _aعمان:دار الصفاء، 2008
300 _a430ص
336 _atext
_btxt
_2rdacontent
337 _aunmediated
_bn
_2rdamedia
338 _avolume
_bnc
_2rdacarrier
650 4 _a الاحصاء الوصفي. 
_930947
999 _aA12324
_c15892
_d15892